000 00545nam a22001697a 4500
005 20260112095031.0
008 260112b |||||||| |||| 00| 0 eng d
020 _a978-93-5035-295-3
100 _aBINDRA, N. S.
245 _aPLEADINGS AND PRACTICE
_bWITH MORE THAN 1150 MODEL FORMS OF PLAINTS, DEFENCES, PETITIONS, WRITS, APPEALS AND MUCH MORE
250 _a10TH ED
260 _aNEW DELHI
_bUNIVERSAL LAW PUBLISHING
_c2013
300 _aXXVIII, 1081P.
500 _aINCLUDES SUBJECT INDEX
650 _aPLEADING -INDIA
942 _2lcc
_cBK
999 _c216445
_d216445